Les 20 villes les plus peuplées de Haute-Normandie de 1806 à 2023 - Statistiques

Statistiques générales
  • Ce quiz a été pris 55 fois
  • Le résultat moyen est 97 sur 160
Statistiques - réponses
Hint Réponse % Correct
1806 Le Havre 19 482
100%
1846 Le Havre 28 954
100%
1876 Le Havre 101 144
100%
1911 Le Havre 166 618
100%
1936 Le Havre 186 701
100%
1968 Le Havre 207 150
100%
1999 Le Havre 190 905
100%
2023 Le Havre 166 687
100%
1806 Rouen 86 672
100%
1846 Rouen 99 295
100%
1876 Rouen 104 902
100%
1911 Rouen 124 987
100%
1936 Rouen 122 812
100%
1968 Rouen 120 471
100%
1999 Rouen 106 592
100%
2023 Rouen 117 662
100%
1806 Dieppe 18 248
94%
1846 Dieppe 16 844
94%
1876 Dieppe 21 642
94%
1911 Dieppe 26 797
94%
1936 Dieppe 30 387
94%
1968 Dieppe 39 025
94%
1999 Dieppe 34 653
94%
2023 Dieppe 28 496
94%
1806 Évreux 9 511
92%
1846 Évreux 11 802
92%
1876 Évreux 14 627
92%
1911 Évreux 18 957
92%
1936 Évreux 20 116
92%
1968 Évreux 42 550
92%
1999 Évreux 51 198
92%
2023 Évreux 49 360
92%
1936 Le Grand-Quevilly 8 942
88%
1968 Le Grand-Quevilly 25 611
88%
1999 Le Grand-Quevilly 26 679
88%
2023 Le Grand-Quevilly 25 789
88%
1876 Le Petit-Quevilly 6 250
88%
1911 Le Petit-Quevilly 16 682
88%
1936 Le Petit-Quevilly 19 474
88%
1968 Le Petit-Quevilly 22 876
88%
1999 Le Petit-Quevilly 22 332
88%
2023 Le Petit-Quevilly 22 208
88%
1806 Fécamp 7 937
79%
1846 Fécamp 10 088
79%
1876 Fécamp 12 684
79%
1911 Fécamp 17 383
79%
1936 Fécamp 17 708
79%
1968 Fécamp 21 406
79%
1999 Fécamp 21 027
79%
2023 Fécamp 17 313
79%
1911 Saint-Étienne-du-Rouvray 6 448
71%
1936 Saint-Étienne-du-Rouvray 11 275
71%
1968 Saint-Étienne-du-Rouvray 34 713
71%
1999 Saint-Étienne-du-Rouvray 29 092
71%
2023 Saint-Étienne-du-Rouvray 29 518
71%
1806 Sotteville-lès-Rouen 3 107
69%
1876 Sotteville-lès-Rouen 11 763
69%
1911 Sotteville-lès-Rouen 21 026
69%
1936 Sotteville-lès-Rouen 26 657
69%
1968 Sotteville-lès-Rouen 34 495
69%
1999 Sotteville-lès-Rouen 29 553
69%
2023 Sotteville-lès-Rouen 29 003
69%
1806 Vernon 4 793
69%
1846 Vernon 6 204
69%
1876 Vernon 7 636
69%
1911 Vernon 8 733
69%
1936 Vernon 11 330
69%
1968 Vernon 18 872
69%
1999 Vernon 24 056
69%
2023 Vernon 25 290
69%
1806 Yvetot 9 418
56%
1846 Yvetot 9 183
56%
1876 Yvetot 8 444
56%
1911 Yvetot 7 126
56%
1936 Yvetot 7 214
56%
1806 Elbeuf 6 351
54%
1846 Elbeuf 16 318
54%
1876 Elbeuf 22 213
54%
1911 Elbeuf 18 290
54%
1936 Elbeuf 17 506
54%
1968 Elbeuf 19 407
54%
1999 Elbeuf 16 666
54%
2023 Elbeuf 15 474
54%
1968 Mont-Saint-Aignan 16 031
54%
1999 Mont-Saint-Aignan 21 265
54%
2023 Mont-Saint-Aignan 20 165
54%
1999 Val-de-Reuil 13 245
54%
2023 Val-de-Reuil 13 245
54%
1806 Bernay 6 521
52%
1846 Bernay 7 512
52%
1876 Bernay 7 643
52%
1911 Bernay 7 883
52%
1936 Bernay 7 783
52%
1968 Bernay 10 009
52%
1806 Louviers 8 472
52%
1846 Louviers 10 295
52%
1876 Louviers 10 973
52%
1911 Louviers 10 209
52%
1936 Louviers 10 239
52%
1968 Louviers 15 326
52%
1999 Louviers 18 328
52%
2023 Louviers 18 705
52%
1806 Les Andelys 5 048
50%
1846 Les Andelys 5 000
50%
1876 Les Andelys 5 574
50%
1999 Bois-Guillaume 11 968
44%
2023 Bois-Guillaume 14 539
44%
2023 Gisors 12 410
42%
1936 Oissel 7 501
42%
1968 Oissel 9 949
42%
2023 Oissel 12 317
42%
1968 Canteleu 13 415
40%
1999 Canteleu 15 430
40%
2023 Canteleu 14 402
40%
1846 Montivilliers 4 029
40%
1911 Montivilliers 5 944
40%
1999 Montivilliers 16 556
40%
2023 Montivilliers 15 478
40%
1806 Neufchâtel-en-Bray 3 063
40%
1911 Barentin 6 201
38%
1999 Barentin 12 836
38%
2023 Barentin 12 022
38%
1806 Bolbec 4 824
35%
1846 Bolbec 9 692
35%
1876 Bolbec 11 105
35%
1911 Bolbec 11 080
35%
1936 Bolbec 10 209
35%
1968 Bolbec 12 716
35%
1999 Bolbec 12 588
35%
1806 Eu 3 219
35%
1846 Eu 4 370
35%
1876 Eu 4 379
35%
1806 Gournay-en-Bray 3 207
33%
1806 Pont-Audemer 5 386
33%
1846 Pont-Audemer 6 310
33%
1876 Pont-Audemer 7 102
33%
1911 Pont-Audemer 7 374
33%
1936 Pont-Audemer 7 529
33%
1968 Pont-Audemer 10 011
33%
1876 Déville-lès-Rouen 4 458
31%
1911 Déville-lès-Rouen 6 887
31%
1936 Déville-lès-Rouen 7 565
31%
1968 Maromme 10 107
31%
1999 Maromme 12 411
31%
1806 Saint-Valery-en-Caux 4 887
31%
1846 Saint-Valery-en-Caux 5 404
31%
1846 Lillebonne 5 124
29%
1876 Lillebonne 5 396
29%
1846 Caudebec-lès-Elbeuf 7 182
27%
1876 Caudebec-lès-Elbeuf 11 338
27%
1911 Caudebec-lès-Elbeuf 9 079
27%
1936 Caudebec-lès-Elbeuf 8 562
27%
1806 Verneuil-sur-Avre 4 170
25%
1846 Verneuil-sur-Avre 4 047
25%
1806 Darnétal 5 231
23%
1846 Darnétal 5 989
23%
1876 Darnétal 5 618
23%
1911 Darnétal 7 218
23%
1936 Darnétal 7 767
23%
1968 Darnétal 11 062
23%
Aucun quiz correspondant
Distribution des résultats
% des personnes avec chaque résultat
Percentile par nombre de réponses
Votre historique - résultats
Vous n’avez pas pris ce quiz